Schaum's outline of theory and problems of programming with C (Record no. 10128)
[ view plain ]
| 000 -LEADER | |
|---|---|
| fixed length control field | 00719 a2200217 4500 |
| 020 ## - INTERNATIONAL STANDARD BOOK NUMBER | |
| International Standard Book Number | 0070240353 |
| 040 ## - CATALOGING SOURCE | |
| Original cataloging agency | DLC |
| 082 00 - DEWEY DECIMAL CLASSIFICATION NUMBER | |
| Classification number | 005.133 |
| 100 1# - MAIN ENTRY--PERSONAL NAME | |
| Personal name | Gottfried, Byron S., |
| 245 10 - TITLE STATEMENT | |
| Title | Schaum's outline of theory and problems of programming with C |
| Statement of responsibility, etc. | Byron S. Gottfried. |
| 246 30 - VARYING FORM OF TITLE | |
| Title proper/short title | Outline of theory and problems of programming with C |
| 246 30 - VARYING FORM OF TITLE | |
| Title proper/short title | Theory and problems of programming with C |
| 246 30 - VARYING FORM OF TITLE | |
| Title proper/short title | Schaum's outlines programming with C |
| 246 30 - VARYING FORM OF TITLE | |
| Title proper/short title | Programming with C |
| 250 ## - EDITION STATEMENT | |
| Edition statement | 2nd ed. |
| 260 ## - PUBLICATION, DISTRIBUTION, ETC. | |
| Place of publication, distribution, etc. | New York : |
| Name of publisher, distributor, etc. | McGraw Hill, |
| Date of publication, distribution, etc. | c1996. |
| 300 ## - PHYSICAL DESCRIPTION | |
| Extent | viii, 532 p. : |
| Other physical details | ill. ; |
| Dimensions | 28 cm. |
| 490 0# - SERIES STATEMENT | |
| Series statement | Schaum's outline series |
| 650 #0 - SUBJECT ADDED ENTRY--TOPICAL TERM | |
| Topical term or geographic name entry element | C (Computer program language) |
| 942 ## - ADDED ENTRY ELEMENTS (KOHA) | |
| Koha item type | Book |
| Call number prefix | 005.133 GOT |
| Source of classification or shelving scheme | |
| Withdrawn status | Lost status | Damaged status | Not for loan | Collection code | Permanent Location | Current Location | Shelving location | Date acquired | Source of acquisition | Total Checkouts | Total Renewals | Full call number | Barcode | Checked out | Date last seen | Date last checked out | Price effective from | Koha item type |
|---|---|---|---|---|---|---|---|---|---|---|---|---|---|---|---|---|---|---|
| Central Library (CL) | Central Library (CL) | First Floor - Software Engineering/ Programming Language | 12/17/2008 | Donation | 3 | 1 | 005.133 GOT | SEECSD00214 | 03/28/2021 | 02/26/2021 | 02/26/2021 | 01/05/2017 | Book |
